00773nam a22002057a 450000500170000001000150001702000270003203500140005903700130007308200140008610000230010024500950012326000390021827000810025730000260033850000240036494200280038899900190041695201320043520170329101300.0 aENG-117617 a9789386062239c1250.00 aEN-101149 bDBAD/PUB00a338.95407 aGirija Shrinivasan10aState of India's liveihoods report 2016 /cby Girija Srinivasan [and] Narasmhan Srinivasan aNew DelhibSAGE Publicationsc2017 aB1/1-1, Mohan Cooperative Industrial Area, Mathura Road, bNew Delhie110044 axxvi,235p.c28cm(pbk) aIncludes references 2ddccENmGIRh338.95407 c138515d138515 001040708NFICaLbLd2017-03-29eDBADg1250.00l0o338.95407 GIRpEN-101149r2017-03-29 00:00:00t1v1250.00w2017-03-29yEN